000 00450nam a22001577a 4500
005 20240426132734.0
008 240426b |||||||| |||| 00| 0 eng d
041 _aEnglish
082 _a349 LAW
100 _lEnglish
245 _aThe Law Reports: King's Bench Division
260 _aLondon:
_bBY THE COUNCIL
_c1918
300 _bxxxiii, 915 pages;
_c25 cm.
650 _aLegal practice
_bLaw
942 _cBK
_6ALISON_BN_VRIES
999 _c1573
_d1573